| 000 | 01615nam a2200469 i 4500 | ||
|---|---|---|---|
| 001 | 52819 | ||
| 003 | KOSZ 005 | ||
| 005 | 20200429104555.0 | ||
| 008 | 030422s2003 pl a f f |001 0 pol | ||
| 015 | _aPB 2003/7573 | ||
| 020 | _a8320428106 | ||
| 020 | _a8320427762 | ||
| 040 |
_aWA N _cWA N _dKOSZ 005/HR |
||
| 041 | 0 | _apol | |
| 080 | _a517 | ||
| 080 | _a(075.8) | ||
| 100 | 1 |
_aŻakowski, Wojciech _d(1929-1993) _eAutor |
|
| 245 | 1 | 0 |
_aMatematyka. _nCz. 2, _pAnaliza matematyczna / _cWojciech Żakowski, Witold Kołodziej. |
| 246 | 3 | 0 | _aAnaliza matematyczna |
| 250 | _aWyd. 15. | ||
| 260 |
_aWarszawa : _bWydawnictwa Naukowo-Techniczne, _c2003. |
||
| 300 |
_a360 s. : _bil. ; _c24 cm. |
||
| 336 |
_2rdacontent _aTekst _btxt |
||
| 337 |
_2rdamedia _aBez urządzenia pośredniczącego _bn |
||
| 338 |
_2rdacarrier _aWolumin _bnc |
||
| 380 | _aKsiążki | ||
| 380 | _aPublikacje dydaktyczne | ||
| 385 |
_mPoziom nauczania _aSzkoły wyższe |
||
| 388 | _a1901-2000 | ||
| 388 | _a2001- | ||
| 490 | 1 | _aPodręczniki Akademickie. Elektronika, Informatyka, Telekomunikacja. | |
| 500 | _aAut. cz. 1: Wojciech Żakowski, Grzegorz Decewicz. | ||
| 504 | _aBibliogr. Indeks. | ||
| 650 | 4 | _aAnaliza matematyczna | |
| 655 | 4 | _aPodręczniki akademickie | |
| 658 | _aMatematyka | ||
| 700 | 1 |
_aKołodziej, Witold _d(1930-2011) _eAutor |
|
| 710 | 2 |
_aWydawnictwa Naukowo-Techniczne _4pbl. |
|
| 830 | 0 |
_aPodręczniki Akademickie _pEIT |
|
| 856 |
_uhttp://koha.tu.koszalin.pl/cgi-bin/koha/opac-detail.pl?biblionumber=52819 _yKatalog online BPK |
||
| 942 |
_2UKD _cKS |
||
| 999 |
_c52819 _d52819 |
||